|
|
|
|
| LEADER |
00000cam a2200000 a 4500 |
| 001 |
vtls011595175 |
| 003 |
SK-MaSNL |
| 005 |
20260301140414.0 |
| 008 |
161124s2017 gw f bdi 000 0dger |
| 020 |
|
|
|a 9783110232608
|q (viazané)
|
| 040 |
|
|
|a SNK
|b slo
|c SNK
|e AACR2
|
| 041 |
0 |
|
|a ger
|
| 044 |
|
|
|a gw
|c DE
|a xxu
|c US
|
| 072 |
|
7 |
|a 72/76
|x Výtvarné umenie
|2 konspekt
|
| 072 |
|
7 |
|a 929
|x Biografie
|2 konspekt
|
| 072 |
|
7 |
|a 01
|x Bibliografia. Katalógy
|2 konspekt
|
| 080 |
|
|
|a 72/76.071.1
|2 2011
|
| 080 |
|
|
|a (100)
|2 2011
|
| 080 |
|
|
|a (031)929
|2 2011
|
| 080 |
|
|
|a 012
|2 2011
|
| 080 |
|
|
|a (083.8)
|2 2011
|
| 245 |
0 |
0 |
|a Allgemeines Künstlerlexikon
|b die bildenden Künstler aller Zeiten und Völker
|n Band 94, Ostrogović - Pellegrina
|c herausgegeben von Andreas Beyer, Bénédicte Savoy und Wolf Tegethoff
|
| 246 |
3 |
0 |
|a Bildenden Künstler aller Zeiten und Völker
|
| 246 |
3 |
0 |
|a Ostrogović - Pellegrina
|
| 260 |
|
|
|a Berlin ;
|a Boston
|b de Gruyter
|c 2017
|
| 300 |
|
|
|a li, 540 s.
|c 25 cm
|
| 504 |
|
|
|a Obsahuje poznámky, zoznam autorov a skratiek
|
| 650 |
0 |
7 |
|a výtvarníci
|2 SNKPH
|9 118705
|
| 650 |
0 |
7 |
|a Artists
|2 SNKPHeng
|9 265151
|
| 651 |
|
7 |
|a Countries of the world
|2 SNKPHeng
|9 266838
|
| 651 |
|
7 |
|a krajiny sveta
|2 SNKPH
|9 253334
|
| 655 |
|
7 |
|a biografické slovníky
|2 SNKPH
|9 51960
|
| 655 |
|
7 |
|a personálne bibliografie
|2 SNKPH
|9 70198
|
| 655 |
|
7 |
|a registre
|2 SNKPH
|9 70556
|
| 655 |
|
7 |
|a Biographical dictionaries
|2 SNKPHeng
|9 278210
|
| 655 |
|
7 |
|a Personal bibliography
|2 SNKPHeng
|9 300650
|
| 655 |
|
7 |
|a Indexes
|2 SNKPHeng
|9 313156
|
| 700 |
1 |
|
|a Beyer, Andreas,
|d 1957-
|4 edt
|9 157015
|
| 700 |
1 |
|
|a Savoy, Bénédicte,
|d 1972-
|4 edt
|9 157016
|
| 700 |
1 |
|
|a Tegethoff, Wolf,
|d 1953-
|4 edt
|9 157017
|
| 919 |
|
|
|a 978-3-11-023260-8
|
| 958 |
|
|
|a TL
|
| 958 |
|
|
|a NB
|
| 958 |
|
|
|a BX
|
| 958 |
|
|
|a PB
|
| 999 |
|
|
|c 763557
|d 765487
|
| 952 |
|
|
|t snkALL/94 7(031)
|a SNKUST
|b SNKUST
|y PREZ
|7 0
|p 17A1249803
|o snkIC 122948/94
|i snk2016/27539
|8 4
|g 312.83
|0 0
|1 0
|4 0
|d 2016-11-24
|l 0
|r 2025-03-19 00:00:00
|w 2026-02-24
|